00402pab a2200133 454500008004000000100002600040245009100066260000900157300001500166362000800181650003000189650001400219773003500233180718b2006 xxu||||| |||| 00| 0 eng d aPrimiceri, Giorgio E. aWhy inflation rose and fell: policy-makers beliefs and US postwar stabilization policy c2006 ap.867-901. aAug aInflation - United States aInflation aQuarterly Journal of Economics